000 01181nam a22002295i 4500
001 166790
003 ES-MaACL
005 20230906213413.0
008 991213s1819 sp af |||| | spa d
040 _aCCPB | B
_bspa
_cCCPB | B
110 2 _aUniversidad y Casa de Contratación (Bilbao)
_9135015
245 1 0 _aOrdenanzas de la Ilustre Universidad y Casa de Contratacion de ... Bilbao
_b: aprobadas y confirmadas por ... Felipe V en 2 de diciembre de 1737, y D. Fernando VII en 27 de junio de 1814 : con insercion de los reales privilegio, y la provision de 9 de julio de 1818 que contiene las alteraciones hechas a solicitud del mismo consulado y comercio ...
250 _aReimp. ...
_bá costa de la misma Universidad y Casa de Contratacion.
260 _aMadrid :
_b[s.n.],
_c1819 (
_fImprenta de Miguel de Burgos)
300 _a[4], 395 p., [1] h. de grab. ;
_c30 cm.
597 1 _aSignaturizado.
597 _aApostillas marginales.
599 1 _aLa h. de grab. es un grab. calc. del esc. de la entidad.
610 2 4 _aUniversidad y Casa de Contratación (Bilbao)-
_vOrdenanzas.
_9135016
752 _aEspaña -
_dMadrid
852 _aES-MaACL
_jB-9457
_z-- Enc. hol.
999 _c166790
_d166790